Costa Barcelona Maresme : Barcelona es mucho más = Barcelona is much more Barcelona es mucho más = Barcelona is much more
Descripción Física:
1 f. plegat en 4 parts : il. col., fot. ; 30 x 80 cm plegat a 21 x 15 cm
Otros Autores:
Costa de Barcelona-Maresme
Materias:
Turisme -- Maresme
MARC
| LEADER | 00000nam a2200000Ia 4500 | ||
|---|---|---|---|
| 001 | 23689 | ||
| 008 | 160829s2012 xx 000 0 cat d | ||
| 080 | |a FU-60-26 | ||
| 245 | |a Costa Barcelona Maresme : |b Barcelona es mucho más = Barcelona is much more | ||
| 260 | |a Barcelona : |b Diputació de Barcelona, |c 2012 | ||
| 300 | |a 1 f. plegat en 4 parts : |b il. col., fot. ; |c 30 x 80 cm plegat a 21 x 15 cm | ||
| 650 | |a Turisme |x Maresme |9 49580 | ||
| 700 | |a Costa de Barcelona-Maresme |9 49581 | ||
| 710 | 1 | |a Barcelona (Catalunya : Província). |b Diputació |9 52408 | |
| 901 | |a Arxiu | ||
| 942 | |n 1 | ||
| 952 | |0 0 |1 0 |4 0 |6 FU6026 |7 1 |9 55451 |a Arxiu |b Arxiu |d 2016-12-01 |l 0 |o FU-60-26 |p 23689 |r 2016-12-01 00:00:00 |w 2016-12-01 |y ARXIU | ||
| 999 | |c 59324 |d 59324 | ||